Advances in animal virology
Bewaard in:
| Hoofdauteur: | |
|---|---|
| Formaat: | Boek |
| Taal: | Undetermined |
| Gepubliceerd in: |
Enfield, New Hamphshire
Science
1998
|
| Onderwerpen: | |
| Tags: |
Voeg label toe
Geen labels, Wees de eerste die dit record labelt!
|
| Thư viện lưu trữ: | Trung tâm Học liệu Trường Đại học Cần Thơ |
|---|
| LEADER | 00568nam a2200169Ia 4500 | ||
|---|---|---|---|
| 001 | CTU_48834 | ||
| 008 | 210402s9999 xx 000 0 und d | ||
| 082 | |a 579.2 | ||
| 082 | |b A245 | ||
| 100 | |a Advances in animal virology | ||
| 245 | 0 | |a Advances in animal virology | |
| 245 | 0 | |c Advances in animal virology; Biên tập, hiệu đính: Luis Villarreal, Shahid Jameel | |
| 260 | |a Enfield, New Hamphshire | ||
| 260 | |b Science | ||
| 260 | |c 1998 | ||
| 650 | |a virology - congresses,viruses - congreses | ||
| 980 | |a Trung tâm Học liệu Trường Đại học Cần Thơ | ||